Biggest German-Speaking Cities - Statistics

General Stats
  • This quiz has been taken 1,200 times
    905 since last reset
  • The average score is 14 of 20
Answer Stats
Population City % Correct
4.73 mil Berlin
100%
2.25 mil Munich
97%
2.88 mil Hamburg
96%
3.25 mil Frankfurt am Main
93%
5.00 mil Cologne / Düsseldorf
92%
2.25 mil Vienna
91%
1.43 mil Zürich
86%
2.40 mil Stuttgart
84%
834 k Dresden
80%
748 k Leipzig
78%
1.20 mil Nuremberg
74%
1.00 mil Bremen
73%
1.15 mil Hanover
72%
1.58 mil Mannheim
54%
771 k Basel
53%
935 k Bielefeld
39%
515 k Augsburg
35%
813 k Aachen
34%
516 k Karlsruhe
28%
907 k Saarbrücken
24%
No matching quizzes found
Score Distribution
Percent of People with Each Score
Percentile by Number Answered
Your Score History
You have not taken this quiz since the last reset